Issues on human resource development in Sabah

Bibliographic Details
Other Authors: Mohd.Yaakub Haji Johari
Format: Book
Published: Sabah : Inst.for Development Studies , 1989
Subjects:

MARC

LEADER 00000cam a2200000 7i4500
001 0000003136
002 000003392
005 20100903.0
020 |a 9679910113 
090 0 0 |a 331.11095953   |b ISS 
245 0 0 |a Issues on human resource development in Sabah   |c edited by Dr.Mohd Yaakub Haji Johan 
260 |a Sabah :   |b Inst.for Development Studies ,   |c 1989 
300 |a 172p. ;   |c 24cm. 
650 0 0 |a Human resource development   |z Sabah 
700 0 |a Mohd.Yaakub Haji Johari   |f Dr 
999 |a 036726   |b BUKU   |c MALAYSIANA   |e PERPUSTAKAAN KOMUNITI PETALING JAYA